000 00483cam a22001934a 4500
005 20250605164315.0
008 250528s ||||||||||||||||||||||||d
035 _a22674
020 _a9780335201464
040 _aGR-AtMCL
_bgre
_dGR-AtMCL
_eAACR2
245 1 _aDESIGNING AND REPORTING EXPRIMENTS IN PSYCHOLOGY
250 _a2
260 _bOpen University Press,
_c2002
300 _a227
700 1 _aHarris Peter
_9918
942 _cBK
999 _c7722
_d7722